000 00572nam a2200229Ia 4500
003 OSt
005 20220924135348.0
006 a|||||r|||| 00| 0
007 ta
008 220923b |||||||| |||| 00| 0 ben d
024 _a290751
037 _cTextual
040 _aARTS
_cARTS
_bben
041 _2ben
_aben
082 _aO142,3NN01,1, 157K0
100 _aNosav
_9210180
245 0 _aAmude paribar
260 _c1960
650 _aRUSSIAN LITERATURE
_915056
942 _hO142,3NN01,1, 157K0
_cTEXL
_2CC
999 _c440424
_d440424